Library Banner

ایجنسیون کی حکومت (Record no. 80657)

MARC details
000 -LEADER
fixed length control field 00393nam a22001457a 4500
005 - DATE AND TIME OF LATEST TRANSACTION
control field 20151207151512.0
008 - FIXED-LENGTH DATA ELEMENTS--GENERAL INFORMATION
fixed length control field 151207b xxu||||| |||| 00| 0 eng d
040 ## - CATALOGING SOURCE
Transcribing agency PK-LaUMT
082 ## - DEWEY DECIMAL CLASSIFICATION NUMBER
Classification number MSC 320.95491
Item number AZH-E
100 ## - MAIN ENTRY--PERSONAL NAME
Personal name اظہر سہیل
245 ## - TITLE STATEMENT
Title ایجنسیون کی حکومت
Statement of responsibility, etc اظہر سہیل
260 ## - PUBLICATION, DISTRIBUTION, ETC. (IMPRINT)
Place of publication, distribution, etc لاہور
Name of publisher, distributor, etc وین گارڈ
Date of publication, distribution, etc [ ]
300 ## - PHYSICAL DESCRIPTION
Extent 149 ص
942 ## - ADDED ENTRY ELEMENTS (KOHA)
Koha item type Books
Holdings
Withdrawn status Lost status Damaged status Home library Current library Date acquired Full call number Barcode Date last seen Price effective from Koha item type
      UMT Main Campus UMT Main Campus 2015-12-07 MSC 320.95491 AZH-E 95651 2016-04-29 2015-12-07 Books